REVIEWS

Saved in:  
Bibliographic Details
Main Author: Dunn, James D. G. 1939-2020 (Author)
Format: Electronic Review
Language:English
Check availability: HBZ Gateway
Interlibrary Loan:Interlibrary Loan for the Fachinformationsdienste (Specialized Information Services in Germany)
Published: 1986
In: The journal of theological studies
Year: 1986, Volume: 37, Issue: 2, Pages: 510-513
Review of:Jesus and Judaism (Philadelphia, Pa. : Fortress Press, 1985) (Dunn, James D. G.)
Jesus and Judaism (Philadelphia, PA : Fortress Press, 1985) (Dunn, James D. G.)
Jesus and judaism (London : SCM Pr., 1985) (Dunn, James D. G.)
Further subjects:B Book review
Online Access: Volltext (JSTOR)
Volltext (lizenzpflichtig)
Volltext (lizenzpflichtig)

MARC

LEADER 00000caa a22000002c 4500
001 1783668644
003 DE-627
005 20240904182104.0
007 cr uuu---uuuuu
008 211229s1986 xx |||||oo 00| ||eng c
024 7 |a 10.1093/jts/37.2.510  |2 doi 
035 |a (DE-627)1783668644 
035 |a (DE-599)KXP1783668644 
040 |a DE-627  |b ger  |c DE-627  |e rda 
041 |a eng 
084 |a 1  |2 ssgn 
100 1 |e VerfasserIn  |0 (DE-588)12930722X  |0 (DE-627)392617625  |0 (DE-576)165272961  |4 aut  |a Dunn, James D. G.  |d 1939-2020 
109 |a Dunn, James D. G. 1939-2020  |a Dunn, James Douglas Grant 1939-2020  |a Grant Dunn, James D. 1939-2020  |a Dunn, James D. 1939-2020  |a Dann, Džejms D. 1939-2020  |a Dunn, James 1939-2020  |a Dunn, J. D. G. 1939-2020 
245 1 0 |a REVIEWS 
264 1 |c 1986 
336 |a Text  |b txt  |2 rdacontent 
337 |a Computermedien  |b c  |2 rdamedia 
338 |a Online-Ressource  |b cr  |2 rdacarrier 
655 7 |a Rezension  |0 (DE-588)4049712-4  |0 (DE-627)106186019  |0 (DE-576)209083166  |2 gnd-content 
773 0 8 |i Enthalten in  |t The journal of theological studies  |d Oxford : Oxford University Press, 1899  |g 37(1986), 2, Seite 510-513  |h Online-Ressource  |w (DE-627)341339555  |w (DE-600)2066662-7  |w (DE-576)098474553  |x 1477-4607  |7 nnas 
773 1 8 |g volume:37  |g year:1986  |g number:2  |g pages:510-513 
787 0 8 |i Rezension von  |a Sanders, E. P., 1937 - 2022  |t Jesus and Judaism  |b 1. ed.  |d Philadelphia, Pa. : Fortress Press, 1985  |h XIV, 444 S.  |w (DE-627)1613244711  |w (DE-576)032888112  |z 0800607430 
787 0 8 |i Rezension von  |a Sanders, E. P., 1937 - 2022  |t Jesus and Judaism  |b First Fortress Press edition  |d Philadelphia, PA : Fortress Press, 1985  |h XIV, 444 S  |w (DE-627)132205181  |w (DE-576)913220518X  |z 0800620615 
787 0 8 |i Rezension von  |a Sanders, E. P., 1937 - 2022  |t Jesus and judaism  |d London : SCM Pr., 1985  |h XIV, 444 S  |w (DE-627)272579114  |w (DE-576)039723089  |z 0334020913 
856 |3 Volltext  |u http://www.jstor.org/stable/23962510  |x JSTOR 
856 4 0 |u https://doi.org/10.1093/jts/37.2.510  |x Resolving-System  |z lizenzpflichtig  |3 Volltext  |7 1 
856 4 0 |u https://academic.oup.com/jts/article/37/2/510/1686338  |x Verlag  |z lizenzpflichtig  |3 Volltext  |7 1 
935 |a mteo 
951 |a AR 
ELC |a 1 
ITA |a 1  |t 1 
LOK |0 000 xxxxxcx a22 zn 4500 
LOK |0 001 4027357124 
LOK |0 003 DE-627 
LOK |0 004 1783668644 
LOK |0 005 20211229043039 
LOK |0 008 211229||||||||||||||||ger||||||| 
LOK |0 035   |a (DE-Tue135)IxTheo#2021-12-23#8E68DF941860DB250C4FADAD814216E2FDA75F53 
LOK |0 040   |a DE-Tue135  |c DE-627  |d DE-Tue135 
LOK |0 092   |o n 
LOK |0 852   |a DE-Tue135 
LOK |0 852 1  |9 00 
LOK |0 866   |x JSTOR#http://www.jstor.org/stable/23962510 
LOK |0 935   |a ixzs  |a ixrk  |a zota 
LOK |0 939   |a 29-12-21  |b l01 
ORI |a SA-MARC-ixtheoa001.raw